| 000 | 00846nam a22002777a 4500 | ||
|---|---|---|---|
| 001 | 8975 | ||
| 003 | FISKH | ||
| 005 | 20260422152939.0 | ||
| 008 | 251112b cb ||||| |||| 00| 0 eng d | ||
| 020 | _a9780462004853 | ||
| 040 |
_aFISKH _beng _cFISKH _dFISKH |
||
| 050 | _aPZ7 | ||
| 082 | _a582.16 | ||
| 100 |
_aBrown, Cushla _eAuthor |
||
| 245 |
_aJenny's new tree : _bMy pals are here! / _cWritten by Cushla Brown ; Illustrated by Clive Taylor |
||
| 260 |
_aSingapore : _bMarshall Cavendish Education , _c2008 |
||
| 300 |
_a16 pages : _bcolor illustrations ; _c16 x 19 cm |
||
| 505 | _aE | ||
| 520 | _aJenny went to get a new tree with Suzy and Cory. | ||
| 521 | 8 |
_a300
_bLexile estiamte |
|
| 521 | 8 |
_aE
_bRaz-Plus |
|
| 650 |
_aAnimal fiction _vTree |
||
| 700 |
_aTaylor, Clive _eIllustrator |
||
| 942 |
_2ddc _cBK _n0 |
||
| 999 |
_c8975 _d8975 |
||